PRINCIPLE OF FARM MACHINERY -THIRD ED (Record no. 291138)

MARC details
000 -LEADER
fixed length control field 00406pam a2200145a 44500
008 - FIXED-LENGTH DATA ELEMENTS--GENERAL INFORMATION
fixed length control field 230405s2021 xxu||||| |||| 00| 0 eng d
041 ## - LANGUAGE CODE
Language code of text/sound track or separate title ENG
100 ## - MAIN ENTRY--PERSONAL NAME
Personal name KEPNER R A
245 ## - TITLE STATEMENT
Title PRINCIPLE OF FARM MACHINERY -THIRD ED
250 ## - EDITION STATEMENT
Edition statement 1 ST Ed.
260 ## - PUBLICATION, DISTRIBUTION, ETC.
Place of publication, distribution, etc. NEW DELHI
Name of publisher, distributor, etc. CBS PUBLISHERS & DISTRIBUTORS
Date of publication, distribution, etc. 2021
440 ## - SERIES STATEMENT/ADDED ENTRY--TITLE
Title BHARATI GRAHAK BHANDAR ,B/4741 ,17/05/2019
700 ## - ADDED ENTRY--PERSONAL NAME
Personal name BARGER E L
906 ## - LOCAL DATA ELEMENT F, LDF (RLIN)
a 2260

No items available.